| 000 | 01059cam a22002895a 4500 | ||
|---|---|---|---|
| 001 | L140782 | ||
| 008 | 071011s2007 xxkd f s 000 0 eng d | ||
| 020 | _a9780852726006 | ||
| 035 | _a(Sirsi) u140782 | ||
| 041 | 0 | _aeng | |
| 050 | 0 | 4 | _a338.20212 $2 18 |
| 110 | 2 |
_aBritish Geological Survey _91581 |
|
| 245 | 0 | 0 | _aUnited Kingdom Minerals Yearbook 2006 |
| 260 |
_aKeyworth _bBritish Geological Survey _c2007 |
||
| 300 |
_avi, 102p. _bill. _c30cm. |
||
| 350 | _a25 | ||
| 520 | _aAnnual publication provides comprehensive statistical data on minerals production, consumption and trade to 2005, provisional figures for the production of major mineral commodities in 2005, and a commentary on the UK minerals industry during that year. Contains maps, graphs and tables. | ||
| 590 | _aKA | ||
| 651 | 4 |
_aUnited Kingdom _y |
|
| 690 | _aPROPERTY-RURAL AND NATURAL ASSETS-MINERAL RESOURCES | ||
| 700 | 1 | _aHetherington, L. E. | |
| 700 | 1 | _aBrown, T. J. | |
| 700 | 1 | _aLusty, P. A. J. | |
| 700 | 1 | _aHitchen, K. | |
| 700 | 1 | _aColman, T. B. | |
| 942 | _n0 | ||
| 999 |
_c107538 _d107538 |
||